000 00519nam a2200157Ia 4500
008 150610s9999 xx 000 0 und d
020 _a9780375711503
050 _aN6853
_b .P5R56 2007
100 _aRichardson, John
245 2 _aA life of Picasso /
_cby John Richardson.
260 _aNew York :
_bAlfred A. Knoff,
_c2007.
300 _a500pages :
_billustrations ;
_c24 cm.
504 _aIncludes bibliographical references and index.
520 _aPicasso, Pablo, 1881-1973.
650 _aArtists-France
_xBiography.
999 _c288041
_d288041